All Arsenal Premier League Players Ever - Statistics

General Stats
  • This quiz has been taken 362 times
    342 since last reset
  • The average score is 464 of 844
Answer Stats
Season Country Arsenal Apps % Correct
1999/00 France Thierry Henry 31
94%
2000/01 France Thierry Henry 35
94%
2001/02 France Thierry Henry 33
94%
2002/03 France Thierry Henry 37
94%
2003/04 France Thierry Henry 37
94%
2004/05 France Thierry Henry 32
94%
2005/06 France Thierry Henry 32
94%
2006/07 France Thierry Henry 17
94%
2011/12 France Thierry Henry 4
94%
2016/17 Switzerland Granit Xhaka 32
93%
2017/18 Switzerland Granit Xhaka 38
93%
2018/19 Switzerland Granit Xhaka 29
93%
2019/20 Switzerland Granit Xhaka 31
93%
2020/21 Switzerland Granit Xhaka 31
93%
2021/22 Switzerland Granit Xhaka 27
93%
2022/23 Switzerland Granit Xhaka 37
93%
2013/14 Germany Mesut Ozil 26
92%
2014/15 Germany Mesut Ozil 22
92%
2015/16 Germany Mesut Ozil 35
92%
2016/17 Germany Mesut Ozil 33
92%
2017/18 Germany Mesut Ozil 26
92%
2018/19 Germany Mesut Ozil 24
92%
2019/20 Germany Mesut Ozil 18
92%
1996/97 France Patrick Vieira 31
92%
1997/98 France Patrick Vieira 33
92%
1998/99 France Patrick Vieira 34
92%
1999/00 France Patrick Vieira 30
92%
2000/01 France Patrick Vieira 30
92%
2001/02 France Patrick Vieira 36
92%
2002/03 France Patrick Vieira 24
92%
2003/04 France Patrick Vieira 29
92%
2004/05 France Patrick Vieira 32
92%
2017/18 Gabon Pierre-Emerick Aubameyang 13
91%
2018/19 Gabon Pierre-Emerick Aubameyang 36
91%
2019/20 Gabon Pierre-Emerick Aubameyang 36
91%
2020/21 Gabon Pierre-Emerick Aubameyang 29
91%
2021/22 Gabon Pierre-Emerick Aubameyang 14
91%
2018/19 England Bukayo Saka 1
90%
2019/20 England Bukayo Saka 26
90%
2020/21 England Bukayo Saka 32
90%
2021/22 England Bukayo Saka 38
90%
2022/23 England Bukayo Saka 38
90%
2008/09 Wales Aaron Ramsey 9
89%
2009/10 Wales Aaron Ramsey 18
89%
2010/11 Wales Aaron Ramsey 7
89%
2011/12 Wales Aaron Ramsey 34
89%
2012/13 Wales Aaron Ramsey 36
89%
2013/14 Wales Aaron Ramsey 23
89%
2014/15 Wales Aaron Ramsey 29
89%
2015/16 Wales Aaron Ramsey 31
89%
2016/17 Wales Aaron Ramsey 23
89%
2017/18 Wales Aaron Ramsey 24
89%
2018/19 Wales Aaron Ramsey 28
89%
2020/21 Norway Martin Odegaard 14
89%
2021/22 Norway Martin Odegaard 36
89%
2022/23 Norway Martin Odegaard 37
89%
2014/15 Chile Alexis Sanchez 35
88%
2015/16 Chile Alexis Sanchez 30
88%
2016/17 Chile Alexis Sanchez 38
88%
2017/18 Chile Alexis Sanchez 19
88%
1995/96 Netherlands Dennis Bergkamp 33
86%
1996/97 Netherlands Dennis Bergkamp 29
86%
1997/98 Netherlands Dennis Bergkamp 28
86%
1998/99 Netherlands Dennis Bergkamp 29
86%
1999/00 Netherlands Dennis Bergkamp 28
86%
2000/01 Netherlands Dennis Bergkamp 25
86%
2001/02 Netherlands Dennis Bergkamp 33
86%
2002/03 Netherlands Dennis Bergkamp 29
86%
2003/04 Netherlands Dennis Bergkamp 28
86%
2004/05 Netherlands Dennis Bergkamp 29
86%
2005/06 Netherlands Dennis Bergkamp 24
86%
2020/21 Brazil Gabriel Magalhaes 23
86%
2021/22 Brazil Gabriel Magalhaes 35
86%
2022/23 Brazil Gabriel Magalhaes 38
86%
2014/15 Costa Rica Joel Campbell 4
86%
2015/16 Costa Rica Joel Campbell 19
86%
1992/93 England Kevin Campbell 37
86%
1993/94 England Kevin Campbell 37
86%
1994/95 England Kevin Campbell 23
86%
2022/23 Ukraine Oleksandr Zinchenko 27
86%
2001/02 England Sol Campbell 31
86%
2002/03 England Sol Campbell 33
86%
2003/04 England Sol Campbell 35
86%
2004/05 England Sol Campbell 16
86%
2005/06 England Sol Campbell 20
86%
2009/10 England Sol Campbell 11
86%
2021/22 England Aaron Ramsdale 34
85%
2022/23 England Aaron Ramsdale 38
85%
2022/23 Brazil Gabriel Jesus 26
85%
2019/20 Brazil Gabriel Martinelli 14
85%
2020/21 Brazil Gabriel Martinelli 14
85%
2021/22 Brazil Gabriel Martinelli 29
85%
2022/23 Brazil Gabriel Martinelli 36
85%
2022/23 Portugal Fabio Vieira 22
84%
2014/15 Brazil Gabriel Paulista 6
84%
2015/16 Brazil Gabriel Paulista 21
84%
2016/17 Brazil Gabriel Paulista 19
84%
2021/22 England Benjamin White 32
82%
2022/23 England Benjamin White 38
82%
2004/05 Spain Cesc Fabregas 33
82%
2005/06 Spain Cesc Fabregas 35
82%
2006/07 Spain Cesc Fabregas 38
82%
2007/08 Spain Cesc Fabregas 32
82%
2008/09 Spain Cesc Fabregas 22
82%
2009/10 Spain Cesc Fabregas 27
82%
2010/11 Spain Cesc Fabregas 25
82%
2002/03 Cote D'Ivoire Kolo Toure 26
82%
2003/04 Cote D'Ivoire Kolo Toure 37
82%
2004/05 Cote D'Ivoire Kolo Toure 35
82%
2005/06 Cote D'Ivoire Kolo Toure 33
82%
2006/07 Cote D'Ivoire Kolo Toure 35
82%
2007/08 Cote D'Ivoire Kolo Toure 30
82%
2008/09 Cote D'Ivoire Kolo Toure 29
82%
2015/16 Czech Republic Petr Cech 34
82%
2016/17 Czech Republic Petr Cech 35
82%
2017/18 Czech Republic Petr Cech 34
82%
2018/19 Czech Republic Petr Cech 7
82%
2020/21 Ghana Thomas Partey 24
82%
2021/22 Ghana Thomas Partey 24
82%
2022/23 Ghana Thomas Partey 33
82%
1999/00 England Ashley Cole 1
81%
2000/01 England Ashley Cole 17
81%
2001/02 England Ashley Cole 29
81%
2002/03 England Ashley Cole 31
81%
2003/04 England Ashley Cole 32
81%
2004/05 England Ashley Cole 35
81%
2005/06 England Ashley Cole 11
81%
2012/13 France Olivier Giroud 34
81%
2013/14 France Olivier Giroud 36
81%
2014/15 France Olivier Giroud 27
81%
2015/16 France Olivier Giroud 38
81%
2016/17 France Olivier Giroud 29
81%
2017/18 France Olivier Giroud 16
81%
2004/05 Netherlands Robin van Persie 26
81%
2005/06 Netherlands Robin van Persie 24
81%
2006/07 Netherlands Robin van Persie 22
81%
2007/08 Netherlands Robin van Persie 15
81%
2008/09 Netherlands Robin van Persie 28
81%
2009/10 Netherlands Robin van Persie 16
81%
2010/11 Netherlands Robin van Persie 25
81%
2011/12 Netherlands Robin van Persie 38
81%
2006/07 England Theo Walcott 16
81%
2007/08 England Theo Walcott 25
81%
2008/09 England Theo Walcott 22
81%
2009/10 England Theo Walcott 23
81%
2010/11 England Theo Walcott 28
81%
2011/12 England Theo Walcott 35
81%
2012/13 England Theo Walcott 32
81%
2013/14 England Theo Walcott 13
81%
2014/15 England Theo Walcott 14
81%
2015/16 England Theo Walcott 28
81%
2016/17 England Theo Walcott 28
81%
2017/18 England Theo Walcott 6
81%
2017/18 France Alexandre Lacazette 32
80%
2018/19 France Alexandre Lacazette 35
80%
2019/20 France Alexandre Lacazette 30
80%
2020/21 France Alexandre Lacazette 31
80%
2021/22 France Alexandre Lacazette 30
80%
2008/09 Russia Andrey Arshavin 12
80%
2009/10 Russia Andrey Arshavin 30
80%
2010/11 Russia Andrey Arshavin 37
80%
2011/12 Russia Andrey Arshavin 19
80%
2012/13 Russia Andrey Arshavin 7
80%
1998/99 Sweden Freddie Ljungberg 16
80%
1999/00 Sweden Freddie Ljungberg 26
80%
2000/01 Sweden Freddie Ljungberg 30
80%
2001/02 Sweden Freddie Ljungberg 25
80%
2002/03 Sweden Freddie Ljungberg 20
80%
2003/04 Sweden Freddie Ljungberg 30
80%
2004/05 Sweden Freddie Ljungberg 26
80%
2005/06 Sweden Freddie Ljungberg 25
80%
2006/07 Sweden Freddie Ljungberg 18
80%
1992/93 England David Seaman 39
79%
1993/94 England David Seaman 39
79%
1994/95 England David Seaman 31
79%
1995/96 England David Seaman 38
79%
1996/97 England David Seaman 22
79%
1997/98 England David Seaman 31
79%
1998/99 England David Seaman 32
79%
1999/00 England David Seaman 24
79%
2000/01 England David Seaman 24
79%
2001/02 England David Seaman 17
79%
2002/03 England David Seaman 28
79%
2005/06 Togo Emmanuel Adebayor 13
79%
2006/07 Togo Emmanuel Adebayor 29
79%
2007/08 Togo Emmanuel Adebayor 36
79%
2008/09 Togo Emmanuel Adebayor 26
79%
2015/16 Egypt Mohamed Elneny 11
79%
2016/17 Egypt Mohamed Elneny 14
79%
2017/18 Egypt Mohamed Elneny 13
79%
2018/19 Egypt Mohamed Elneny 8
79%
2020/21 Egypt Mohamed Elneny 23
79%
2021/22 Egypt Mohamed Elneny 14
79%
2022/23 Egypt Mohamed Elneny 5
79%
2011/12 Germany Per Mertesacker 21
79%
2012/13 Germany Per Mertesacker 34
79%
2013/14 Germany Per Mertesacker 35
79%
2014/15 Germany Per Mertesacker 35
79%
2015/16 Germany Per Mertesacker 24
79%
2016/17 Germany Per Mertesacker 1
79%
2017/18 Germany Per Mertesacker 6
79%
2008/09 England Jack Wilshere 1
78%
2009/10 England Jack Wilshere 1
78%
2010/11 England Jack Wilshere 35
78%
2012/13 England Jack Wilshere 25
78%
2013/14 England Jack Wilshere 24
78%
2014/15 England Jack Wilshere 14
78%
2015/16 England Jack Wilshere 3
78%
2016/17 England Jack Wilshere 2
78%
2017/18 England Jack Wilshere 20
78%
2010/11 France Laurent Koscielny 30
78%
2011/12 France Laurent Koscielny 33
78%
2012/13 France Laurent Koscielny 25
78%
2013/14 France Laurent Koscielny 32
78%
2014/15 France Laurent Koscielny 27
78%
2015/16 France Laurent Koscielny 33
78%
2016/17 France Laurent Koscielny 33
78%
2017/18 France Laurent Koscielny 25
78%
2018/19 France Laurent Koscielny 17
78%
2000/01 France Robert Pires 33
78%
2001/02 France Robert Pires 28
78%
2002/03 France Robert Pires 26
78%
2003/04 France Robert Pires 36
78%
2004/05 France Robert Pires 33
78%
2005/06 France Robert Pires 33
78%
2022/23 France William Saliba 27
78%
2003/04 Germany Jens Lehmann 38
76%
2004/05 Germany Jens Lehmann 28
76%
2005/06 Germany Jens Lehmann 38
76%
2006/07 Germany Jens Lehmann 36
76%
2007/08 Germany Jens Lehmann 7
76%
2010/11 Germany Jens Lehmann 1
76%
2019/20 Scotland Kieran Tierney 15
75%
2020/21 Scotland Kieran Tierney 27
75%
2021/22 Scotland Kieran Tierney 22
75%
2022/23 Scotland Kieran Tierney 27
75%
2006/07 Czech Republic Tomas Rosicky 26
75%
2007/08 Czech Republic Tomas Rosicky 18
75%
2009/10 Czech Republic Tomas Rosicky 25
75%
2010/11 Czech Republic Tomas Rosicky 21
75%
2011/12 Czech Republic Tomas Rosicky 28
75%
2012/13 Czech Republic Tomas Rosicky 10
75%
2013/14 Czech Republic Tomas Rosicky 27
75%
2014/15 Czech Republic Tomas Rosicky 15
75%
2007/08 Croatia Eduardo da Silva 17
74%
2009/10 Croatia Eduardo da Silva 24
74%
2014/15 Spain Hector Bellerin 20
74%
2015/16 Spain Hector Bellerin 36
74%
2016/17 Spain Hector Bellerin 33
74%
2017/18 Spain Hector Bellerin 35
74%
2018/19 Spain Hector Bellerin 19
74%
2019/20 Spain Hector Bellerin 15
74%
2020/21 Spain Hector Bellerin 25
74%
1992/93 England Alan Smith 31
72%
1993/94 England Alan Smith 25
72%
1994/95 England Alan Smith 19
72%
2007/08 France Bacary Sagna 29
72%
2008/09 France Bacary Sagna 35
72%
2009/10 France Bacary Sagna 35
72%
2010/11 France Bacary Sagna 33
72%
2011/12 France Bacary Sagna 21
72%
2012/13 France Bacary Sagna 25
72%
2013/14 France Bacary Sagna 35
72%
2002/03 Brazil Gilberto Silva 35
72%
2003/04 Brazil Gilberto Silva 32
72%
2004/05 Brazil Gilberto Silva 13
72%
2005/06 Brazil Gilberto Silva 33
72%
2006/07 Brazil Gilberto Silva 34
72%
2007/08 Brazil Gilberto Silva 23
72%
1992/93 England Tony Adams 35
72%
1993/94 England Tony Adams 35
72%
1994/95 England Tony Adams 27
72%
1995/96 England Tony Adams 21
72%
1996/97 England Tony Adams 28
72%
1997/98 England Tony Adams 26
72%
1998/99 England Tony Adams 26
72%
1999/00 England Tony Adams 21
72%
2000/01 England Tony Adams 26
72%
2001/02 England Tony Adams 10
72%
2018/19 Germany Bernd Leno 32
71%
2019/20 Germany Bernd Leno 30
71%
2020/21 Germany Bernd Leno 35
71%
2021/22 Germany Bernd Leno 4
71%
2022/23 Belgium Leandro Trossard 20
71%
2019/20 Cote D'Ivoire Nicolas Pepe 31
71%
2020/21 Cote D'Ivoire Nicolas Pepe 29
71%
2021/22 Cote D'Ivoire Nicolas Pepe 20
71%
2010/11 Poland Wojciech Szczesny 15
71%
2011/12 Poland Wojciech Szczesny 38
71%
2012/13 Poland Wojciech Szczesny 25
71%
2013/14 Poland Wojciech Szczesny 37
71%
2014/15 Poland Wojciech Szczesny 17
71%
2003/04 France Gael Clichy 12
70%
2004/05 France Gael Clichy 15
70%
2005/06 France Gael Clichy 7
70%
2006/07 France Gael Clichy 27
70%
2007/08 France Gael Clichy 38
70%
2008/09 France Gael Clichy 31
70%
2009/10 France Gael Clichy 24
70%
2010/11 France Gael Clichy 33
70%
2012/13 Spain Santi Cazorla 38
69%
2013/14 Spain Santi Cazorla 31
69%
2014/15 Spain Santi Cazorla 37
69%
2015/16 Spain Santi Cazorla 15
69%
2016/17 Spain Santi Cazorla 8
69%
2022/23 Italy Jorginho 14
68%
2011/12 China Li Ke/Nico Yennaris 1
68%
2012/13 Germany Lukas Podolski 33
68%
2013/14 Germany Lukas Podolski 20
68%
2014/15 Germany Lukas Podolski 7
68%
2011/12 Spain Mikel Arteta 29
68%
2012/13 Spain Mikel Arteta 34
68%
2013/14 Spain Mikel Arteta 31
68%
2014/15 Spain Mikel Arteta 7
68%
2015/16 Spain Mikel Arteta 9
68%
2016/17 Germany Shkodran Mustafi 26
68%
2017/18 Germany Shkodran Mustafi 27
68%
2018/19 Germany Shkodran Mustafi 31
68%
2019/20 Germany Shkodran Mustafi 15
68%
2020/21 Germany Shkodran Mustafi 3
68%
2011/12 England Alex Oxlade-Chamberlain 16
67%
2012/13 England Alex Oxlade-Chamberlain 25
67%
2013/14 England Alex Oxlade-Chamberlain 14
67%
2014/15 England Alex Oxlade-Chamberlain 23
67%
2015/16 England Alex Oxlade-Chamberlain 22
67%
2016/17 England Alex Oxlade-Chamberlain 29
67%
2017/18 England Alex Oxlade-Chamberlain 3
67%
1996/97 France Nicolas Anelka 4
67%
1997/98 France Nicolas Anelka 26
67%
1998/99 France Nicolas Anelka 35
67%
2005/06 Cameroon Alexandre Song 5
66%
2006/07 Cameroon Alexandre Song 2
66%
2007/08 Cameroon Alexandre Song 9
66%
2008/09 Cameroon Alexandre Song 31
66%
2009/10 Cameroon Alexandre Song 26
66%
2010/11 Cameroon Alexandre Song 31
66%
2011/12 Cameroon Alexandre Song 34
66%
2017/18 England Eddie Nketiah 3
66%
2018/19 England Eddie Nketiah 5
66%
2019/20 England Eddie Nketiah 13
66%
2020/21 England Eddie Nketiah 17
66%
2021/22 England Eddie Nketiah 21
66%
2022/23 England Eddie Nketiah 30
66%
1997/98 France Emmanuel Petit 32
66%
1998/99 France Emmanuel Petit 27
66%
1999/00 France Emmanuel Petit 26
66%
1992/93 England Ian Wright 31
66%
1993/94 England Ian Wright 39
66%
1994/95 England Ian Wright 31
66%
1995/96 England Ian Wright 31
66%
1996/97 England Ian Wright 35
66%
1997/98 England Ian Wright 24
66%
2001/02 England Richard Wright 13
66%
2021/22 Japan Takehiro Tomiyasu 21
66%
2022/23 Japan Takehiro Tomiyasu 21
66%
2005/06 Belarus Aliaksandr Hleb 25
65%
2006/07 Belarus Aliaksandr Hleb 33
65%
2007/08 Belarus Aliaksandr Hleb 31
65%
2019/20 England Emile Smith Rowe 2
65%
2020/21 England Emile Smith Rowe 20
65%
2021/22 England Emile Smith Rowe 33
65%
2022/23 England Emile Smith Rowe 12
65%
2017/18 Armenia Henrikh Mkhitaryan 11
65%
2018/19 Armenia Henrikh Mkhitaryan 25
65%
2019/20 Armenia Henrikh Mkhitaryan 3
65%
2012/13 Spain Nacho Monreal 10
65%
2013/14 Spain Nacho Monreal 23
65%
2014/15 Spain Nacho Monreal 28
65%
2015/16 Spain Nacho Monreal 37
65%
2016/17 Spain Nacho Monreal 36
65%
2017/18 Spain Nacho Monreal 28
65%
2018/19 Spain Nacho Monreal 22
65%
2019/20 Spain Nacho Monreal 3
65%
2007/08 Denmark Nicklas Bendtner 27
65%
2008/09 Denmark Nicklas Bendtner 31
65%
2009/10 Denmark Nicklas Bendtner 23
65%
2010/11 Denmark Nicklas Bendtner 17
65%
2011/12 Denmark Nicklas Bendtner 1
65%
2013/14 Denmark Nicklas Bendtner 9
65%
2008/09 France Samir Nasri 29
65%
2009/10 France Samir Nasri 26
65%
2010/11 France Samir Nasri 30
65%
2011/12 France Samir Nasri 1
65%
2009/10 Belgium Thomas Vermaelen 33
65%
2010/11 Belgium Thomas Vermaelen 5
65%
2011/12 Belgium Thomas Vermaelen 29
65%
2012/13 Belgium Thomas Vermaelen 29
65%
2013/14 Belgium Thomas Vermaelen 14
65%
2000/01 Brazil Edu 5
64%
2001/02 Brazil Edu 14
64%
2002/03 Brazil Edu 18
64%
2003/04 Brazil Edu 30
64%
2004/05 Brazil Edu 12
64%
2007/08 Poland Lukasz Fabianski 3
64%
2008/09 Poland Lukasz Fabianski 6
64%
2009/10 Poland Lukasz Fabianski 4
64%
2010/11 Poland Lukasz Fabianski 14
64%
2012/13 Poland Lukasz Fabianski 4
64%
2013/14 Poland Lukasz Fabianski 1
64%
1997/98 Netherlands Marc Overmars 32
64%
1998/99 Netherlands Marc Overmars 37
64%
1999/00 Netherlands Marc Overmars 31
64%
2000/01 Cameroon Lauren 18
63%
2001/02 Cameroon Lauren 27
63%
2002/03 Cameroon Lauren 27
63%
2003/04 Cameroon Lauren 32
63%
2004/05 Cameroon Lauren 33
63%
2005/06 Cameroon Lauren 22
63%
1998/99 Nigeria Nwankwo Kanu 12
63%
1999/00 Nigeria Nwankwo Kanu 31
63%
2000/01 Nigeria Nwankwo Kanu 27
63%
2001/02 Nigeria Nwankwo Kanu 23
63%
2002/03 Nigeria Nwankwo Kanu 16
63%
2003/04 Nigeria Nwankwo Kanu 10
63%
2018/19 Greece Sokratis Papastathopoulos 25
63%
2019/20 Greece Sokratis Papastathopoulos 19
63%
2017/18 Bosnia & Herzegovina Sead Kolasinac 27
62%
2018/19 Bosnia & Herzegovina Sead Kolasinac 24
62%
2019/20 Bosnia & Herzegovina Sead Kolasinac 26
62%
2020/21 Bosnia & Herzegovina Sead Kolasinac 1
62%
2021/22 Bosnia & Herzegovina Sead Kolasinac 2
62%
2014/15 Colombia David Ospina 18
61%
2015/16 Colombia David Ospina 4
61%
2016/17 Colombia David Ospina 2
61%
2017/18 Colombia David Ospina 5
61%
2019/20 Brazil David Luiz 33
60%
2020/21 Brazil David Luiz 20
60%
1992/93 England Martin Keown 16
59%
1993/94 England Martin Keown 33
59%
1994/95 England Martin Keown 31
59%
1995/96 England Martin Keown 34
59%
1996/97 England Martin Keown 33
59%
1997/98 England Martin Keown 18
59%
1998/99 England Martin Keown 34
59%
1999/00 England Martin Keown 27
59%
2000/01 England Martin Keown 28
59%
2001/02 England Martin Keown 22
59%
2002/03 England Martin Keown 24
59%
2003/04 England Martin Keown 10
59%
2016/17 England Rob Holding 9
59%
2017/18 England Rob Holding 12
59%
2018/19 England Rob Holding 10
59%
2019/20 England Rob Holding 8
59%
2020/21 England Rob Holding 30
59%
2021/22 England Rob Holding 15
59%
2022/23 England Rob Holding 14
59%
2006/07 France William Gallas 21
59%
2007/08 France William Gallas 31
59%
2008/09 France William Gallas 23
59%
2009/10 France William Gallas 26
59%
2004/05 Cote D'Ivoire Emmanuel Eboue 1
58%
2005/06 Cote D'Ivoire Emmanuel Eboue 18
58%
2006/07 Cote D'Ivoire Emmanuel Eboue 24
58%
2007/08 Cote D'Ivoire Emmanuel Eboue 23
58%
2008/09 Cote D'Ivoire Emmanuel Eboue 28
58%
2009/10 Cote D'Ivoire Emmanuel Eboue 25
58%
2010/11 Cote D'Ivoire Emmanuel Eboue 13
58%
2003/04 Spain Jose Antonio Reyes 13
58%
2004/05 Spain Jose Antonio Reyes 30
58%
2005/06 Spain Jose Antonio Reyes 26
58%
2004/05 Spain Manuel Almunia 10
58%
2006/07 Spain Manuel Almunia 1
58%
2007/08 Spain Manuel Almunia 29
58%
2008/09 Spain Manuel Almunia 32
58%
2009/10 Spain Manuel Almunia 29
58%
2010/11 Spain Manuel Almunia 8
58%
2005/06 France Abou Diaby 12
57%
2006/07 France Abou Diaby 12
57%
2007/08 France Abou Diaby 15
57%
2008/09 France Abou Diaby 24
57%
2009/10 France Abou Diaby 29
57%
2010/11 France Abou Diaby 16
57%
2011/12 France Abou Diaby 4
57%
2012/13 France Abou Diaby 11
57%
2013/14 France Abou Diaby 1
57%
2015/16 Nigeria Alexander Iwobi 13
57%
2016/17 Nigeria Alexander Iwobi 26
57%
2017/18 Nigeria Alexander Iwobi 26
57%
2018/19 Nigeria Alexander Iwobi 35
57%
2019/20 Portugal Cedric Soares 5
57%
2020/21 Portugal Cedric Soares 10
57%
2021/22 Portugal Cedric Soares 21
57%
2022/23 Portugal Cedric Soares 2
57%
2008/09 England Kieran Gibbs 8
57%
2009/10 England Kieran Gibbs 3
57%
2010/11 England Kieran Gibbs 7
57%
2011/12 England Kieran Gibbs 16
57%
2012/13 England Kieran Gibbs 27
57%
2013/14 England Kieran Gibbs 28
57%
2014/15 England Kieran Gibbs 22
57%
2015/16 England Kieran Gibbs 15
57%
2016/17 England Kieran Gibbs 11
57%
2000/01 France Sylvain Wiltord 27
56%
2001/02 France Sylvain Wiltord 33
56%
2002/03 France Sylvain Wiltord 34
56%
2003/04 France Sylvain Wiltord 12
56%
2014/15 Argentina Emiliano Martinez 4
55%
2016/17 Argentina Emiliano Martinez 2
55%
2019/20 Argentina Emiliano Martinez 9
55%
2022/23 Poland Jakub Kiwior 7
55%
2010/11 Morocco Marouane Chamakh 29
55%
2011/12 Morocco Marouane Chamakh 11
55%
2004/05 France Mathieu Flamini 21
54%
2005/06 France Mathieu Flamini 31
54%
2006/07 France Mathieu Flamini 20
54%
2007/08 France Mathieu Flamini 30
54%
2013/14 France Mathieu Flamini 27
54%
2014/15 France Mathieu Flamini 23
54%
2015/16 France Mathieu Flamini 16
54%
1992/93 England Ray Parlour 21
54%
1993/94 England Ray Parlour 27
54%
1994/95 England Ray Parlour 30
54%
1995/96 England Ray Parlour 22
54%
1996/97 England Ray Parlour 30
54%
1997/98 England Ray Parlour 34
54%
1998/99 England Ray Parlour 35
54%
1999/00 England Ray Parlour 30
54%
2000/01 England Ray Parlour 33
54%
2001/02 England Ray Parlour 27
54%
2002/03 England Ray Parlour 19
54%
2003/04 England Ray Parlour 25
54%
2020/21 Brazil Willian 25
54%
2014/15 England Danny Welbeck 25
53%
2015/16 England Danny Welbeck 11
53%
2016/17 England Danny Welbeck 16
53%
2017/18 England Danny Welbeck 28
53%
2018/19 England Danny Welbeck 8
53%
2011/12 Cote D'Ivoire Gervinho 28
53%
2012/13 Cote D'Ivoire Gervinho 18
53%
2004/05 Switzerland Philippe Senderos 13
53%
2005/06 Switzerland Philippe Senderos 20
53%
2006/07 Switzerland Philippe Senderos 14
53%
2007/08 Switzerland Philippe Senderos 17
53%
2014/15 England Calum Chambers 23
52%
2015/16 England Calum Chambers 12
52%
2016/17 England Calum Chambers 1
52%
2017/18 England Calum Chambers 12
52%
2019/20 England Calum Chambers 14
52%
2020/21 England Calum Chambers 10
52%
2021/22 England Calum Chambers 2
52%
2018/19 Uruguay Lucas Torreira 34
51%
2019/20 Uruguay Lucas Torreira 29
51%
1992/93 England Lee Dixon 29
50%
1993/94 England Lee Dixon 33
50%
1994/95 England Lee Dixon 39
50%
1995/96 England Lee Dixon 38
50%
1996/97 England Lee Dixon 32
50%
1997/98 England Lee Dixon 28
50%
1998/99 England Lee Dixon 36
50%
1999/00 England Lee Dixon 28
50%
2000/01 England Lee Dixon 29
50%
2001/02 England Lee Dixon 13
50%
2017/18 England Reiss Nelson 3
49%
2019/20 England Reiss Nelson 17
49%
2020/21 England Reiss Nelson 2
49%
2021/22 England Reiss Nelson 1
49%
2022/23 England Reiss Nelson 11
49%
2011/12 Israel Yossi Benayoun 19
49%
2014/15 England Ainsley Maitland-Niles 1
48%
2016/17 England Ainsley Maitland-Niles 1
48%
2017/18 England Ainsley Maitland-Niles 15
48%
2018/19 England Ainsley Maitland-Niles 16
48%
2019/20 England Ainsley Maitland-Niles 20
48%
2020/21 England Ainsley Maitland-Niles 11
48%
2021/22 England Ainsley Maitland-Niles 8
48%
2005/06 Switzerland Johan Djourou 7
48%
2006/07 Switzerland Johan Djourou 21
48%
2007/08 Switzerland Johan Djourou 2
48%
2008/09 Switzerland Johan Djourou 15
48%
2009/10 Switzerland Johan Djourou 1
48%
2010/11 Switzerland Johan Djourou 22
48%
2011/12 Switzerland Johan Djourou 18
48%
2011/12 South Korea Park Chu-Young 1
46%
2008/09 Mexico Carlos Vela 14
45%
2009/10 Mexico Carlos Vela 11
45%
2010/11 Mexico Carlos Vela 4
45%
1992/93 England Nigel Winterburn 29
43%
1993/94 England Nigel Winterburn 34
43%
1994/95 England Nigel Winterburn 39
43%
1995/96 England Nigel Winterburn 36
43%
1996/97 England Nigel Winterburn 38
43%
1997/98 England Nigel Winterburn 36
43%
1998/99 England Nigel Winterburn 30
43%
1999/00 England Nigel Winterburn 28
43%
2019/20 Spain Dani Ceballos 24
42%
2020/21 Spain Dani Ceballos 25
42%
2012/13 Germany Serge Gnabry 1
42%
2013/14 Germany Serge Gnabry 9
42%
2006/07 Brazil Denilson 10
41%
2007/08 Brazil Denilson 13
41%
2008/09 Brazil Denilson 37
41%
2009/10 Brazil Denilson 20
41%
2010/11 Brazil Denilson 16
41%
2011/12 France Francis Coquelin 10
40%
2012/13 France Francis Coquelin 11
40%
2014/15 France Francis Coquelin 22
40%
2015/16 France Francis Coquelin 26
40%
2016/17 France Francis Coquelin 29
40%
2017/18 France Francis Coquelin 7
40%
2018/19 France Matteo Guendouzi 33
40%
2019/20 France Matteo Guendouzi 24
40%
2011/12 England Carl Jenkinson 9
39%
2012/13 England Carl Jenkinson 14
39%
2013/14 England Carl Jenkinson 14
39%
2016/17 England Carl Jenkinson 1
39%
2018/19 England Carl Jenkinson 3
39%
2014/15 France Mathieu Debuchy 10
39%
2015/16 France Mathieu Debuchy 2
39%
2016/17 France Mathieu Debuchy 1
39%
2001/02 Netherlands Giovanni van Bronckhorst 21
37%
2002/03 Netherlands Giovanni van Bronckhorst 20
37%
1992/93 England Paul Merson 33
37%
1993/94 England Paul Merson 33
37%
1994/95 England Paul Merson 24
37%
1995/96 England Paul Merson 38
37%
1996/97 England Paul Merson 32
37%
2021/22 Belgium Albert Sambi Lokonga 19
36%
2022/23 Belgium Albert Sambi Lokonga 6
36%
2008/09 France Mikael Silvestre 14
36%
2009/10 France Mikael Silvestre 12
36%
2021/22 Portugal Nuno Tavares 22
35%
1999/00 Croatia Davor Suker 22
34%
2018/19 Switzerland Stephan Lichtsteiner 14
34%
2019/20 Spain Pablo Mari 2
33%
2020/21 Spain Pablo Mari 10
33%
2021/22 Spain Pablo Mari 2
33%
1999/00 Brazil Sylvinho 31
32%
2000/01 Brazil Sylvinho 24
32%
2016/17 Spain Lucas Perez 11
31%
2022/23 Brazil Marquinhos 1
31%
2005/06 Sweden Sebastian Larsson 3
31%
2002/03 France Pascal Cygan 18
30%
2003/04 France Pascal Cygan 18
30%
2004/05 France Pascal Cygan 15
30%
2005/06 France Pascal Cygan 12
30%
2010/11 France Sebastien Squillaci 22
30%
2011/12 France Sebastien Squillaci 1
30%
1992/93 England Steve Bould 24
30%
1993/94 England Steve Bould 25
30%
1994/95 England Steve Bould 31
30%
1995/96 England Steve Bould 19
30%
1996/97 England Steve Bould 33
30%
1997/98 England Steve Bould 24
30%
1998/99 England Steve Bould 19
30%
1995/96 England David Platt 29
29%
1996/97 England David Platt 28
29%
1997/98 England David Platt 31
29%
2006/07 Brazil Julio Baptista 24
29%
2017/18 Greece Konstantinos Mavropanos 3
29%
2018/19 Greece Konstantinos Mavropanos 4
29%
2020/21 Iceland Runar Runarsson 1
28%
2022/23 England Ethan Nwaneri 1
27%
1999/00 Ukraine Oleg Luzhny 21
27%
2000/01 Ukraine Oleg Luzhny 19
27%
2001/02 Ukraine Oleg Luzhny 18
27%
2002/03 Ukraine Oleg Luzhny 17
27%
2008/09 Italy Vito Mannone 1
27%
2009/10 Italy Vito Mannone 5
27%
2012/13 Italy Vito Mannone 9
27%
2011/12 Brazil Andre Santos 15
26%
2012/13 Brazil Andre Santos 8
26%
2021/22 United States Folarin Balogun 2
26%
1992/93 Denmark John Jensen 32
26%
1993/94 Denmark John Jensen 27
26%
1994/95 Denmark John Jensen 24
26%
1995/96 Denmark John Jensen 15
26%
2017/18 England Joseph Willock 2
26%
2018/19 England Joseph Willock 2
26%
2019/20 England Joseph Willock 29
26%
2020/21 England Joseph Willock 7
26%
2007/08 France Lassana Diarra 7
26%
2020/21 Australia Mathew Ryan 3
26%
1997/98 Austria Alexander Manninger 7
25%
1998/99 Austria Alexander Manninger 6
25%
1999/00 Austria Alexander Manninger 15
25%
2000/01 Austria Alexander Manninger 11
25%
1997/98 Liberia Christopher Wreh 16
25%
1998/99 Liberia Christopher Wreh 12
25%
2011/12 Ghana Emmanuel Frimpong 6
25%
2008/09 Trinidad & Tobago Gavin Hoyte 1
25%
2002/03 Trinidad & Tobago Justin Hoyte 1
25%
2003/04 Trinidad & Tobago Justin Hoyte 1
25%
2004/05 Trinidad & Tobago Justin Hoyte 5
25%
2006/07 Trinidad & Tobago Justin Hoyte 22
25%
2007/08 Trinidad & Tobago Justin Hoyte 5
25%
2005/06 England Kerrea Gilbert 2
25%
1992/93 Sweden Anders Limpar 23
24%
1993/94 Sweden Anders Limpar 10
24%
2001/02 England Francis Jeffers 6
24%
2002/03 England Francis Jeffers 16
24%
2010/11 England Jay Emmanuel-Thomas 1
24%
2013/14 Sweden Kim Kallstrom 3
24%
2001/02 France Jeremie Aliadiere 1
23%
2002/03 France Jeremie Aliadiere 3
23%
2003/04 France Jeremie Aliadiere 10
23%
2004/05 France Jeremie Aliadiere 4
23%
2006/07 France Jeremie Aliadiere 11
23%
2001/02 England Stuart Taylor 10
23%
2002/03 England Stuart Taylor 8
23%
2013/14 France Yaya Sanogo 8
23%
2014/15 France Yaya Sanogo 3
23%
2002/03 England Jermaine Pennant 5
22%
2004/05 England Jermaine Pennant 7
22%
1992/93 England Paul Davis 6
22%
1993/94 England Paul Davis 22
22%
1994/95 England Paul Davis 4
22%
2018/19 Spain Denis Suarez 4
21%
1994/95 Wales John Hartson 15
21%
1995/96 Wales John Hartson 19
21%
1996/97 Wales John Hartson 18
21%
1997/98 France Gilles Grimandi 22
20%
1998/99 France Gilles Grimandi 8
20%
1999/00 France Gilles Grimandi 28
20%
2000/01 France Gilles Grimandi 30
20%
2001/02 France Gilles Grimandi 26
20%
2000/01 Latvia Igors Stepanovs 9
19%
2001/02 Latvia Igors Stepanovs 6
19%
2002/03 Latvia Igors Stepanovs 2
19%
2007/08 Senegal Armand Traore 3
18%
2009/10 Senegal Armand Traore 9
18%
2011/12 Senegal Armand Traore 1
18%
1994/95 Sweden Stefan Schwarz 34
18%
1992/93 Ireland David O'Leary 11
17%
1997/98 Portugal Luis Boa Morte 15
17%
1998/99 Portugal Luis Boa Morte 8
17%
1999/00 Portugal Luis Boa Morte 2
17%
2006/07 Estonia Mart Poom 1
17%
2013/14 Japan Ryo Miyaichi 1
17%
1994/95 England Stephen Hughes 1
17%
1995/96 England Stephen Hughes 1
17%
1996/97 England Stephen Hughes 14
17%
1997/98 England Stephen Hughes 17
17%
1998/99 England Stephen Hughes 14
17%
1999/00 England Stephen Hughes 2
17%
2005/06 Italy Arturo Lupoli 1
16%
2003/04 England David Bentley 1
16%
2008/09 Spain Fran Merida 2
16%
2009/10 Spain Fran Merida 4
16%
2011/12 Spain Ignasi Miquel 4
16%
2012/13 Spain Ignasi Miquel 1
16%
1997/98 England Matt Upson 5
16%
1998/99 England Matt Upson 5
16%
1999/00 England Matt Upson 8
16%
2000/01 England Matt Upson 2
16%
2001/02 England Matt Upson 14
16%
1998/99 Argentina Nelson Vivas 23
15%
1999/00 Argentina Nelson Vivas 5
15%
2000/01 Argentina Nelson Vivas 12
15%
1996/97 England John Lukic 15
14%
2000/01 England John Lukic 3
14%
2002/03 Sweden Rami Shaaban 3
14%
1992/93 Northern Ireland Steve Morrow 16
14%
1993/94 Northern Ireland Steve Morrow 11
14%
1994/95 Northern Ireland Steve Morrow 15
14%
1995/96 Northern Ireland Steve Morrow 4
14%
1996/97 Northern Ireland Steve Morrow 14
14%
1992/93 England Jimmy Carter 16
13%
1994/95 England Jimmy Carter 3
13%
1992/93 Scotland Paul Dickov 3
13%
1993/94 Scotland Paul Dickov 1
13%
1994/95 Scotland Paul Dickov 9
13%
1995/96 Scotland Paul Dickov 7
13%
1996/97 Scotland Paul Dickov 1
13%
1992/93 England Andy Linighan 21
12%
1993/94 England Andy Linighan 21
12%
1994/95 England Andy Linighan 20
12%
1995/96 England Andy Linighan 18
12%
1996/97 England Andy Linighan 11
12%
2013/14 England Chuba Akpom 1
12%
2014/15 England Chuba Akpom 3
12%
1992/93 England David Hillier 30
12%
1993/94 England David Hillier 15
12%
1994/95 England David Hillier 9
12%
1995/96 England David Hillier 5
12%
1996/97 England David Hillier 2
12%
1996/97 France Remi Garde 11
12%
1997/98 France Remi Garde 10
12%
1998/99 France Remi Garde 10
12%
1992/93 England Alan Miller 4
11%
1993/94 England Alan Miller 4
11%
1993/94 Ireland Eddie McGoldrick 26
11%
1994/95 Ireland Eddie McGoldrick 11
11%
1995/96 Ireland Eddie McGoldrick 1
11%
1994/95 Netherlands Glenn Helder 13
10%
1995/96 Netherlands Glenn Helder 24
10%
1996/97 Netherlands Glenn Helder 2
10%
1994/95 England Paul Shaw 1
10%
1995/96 England Paul Shaw 3
10%
1996/97 England Paul Shaw 8
10%
1992/93 England Perry Groves 1
10%
2004/05 Ghana Quincy Owusu-Abeyie 1
10%
2005/06 Ghana Quincy Owusu-Abeyie 4
10%
1994/95 England Chris Kiwomya 14
9%
1999/00 England Julian Gray 1
9%
1998/99 Guinea Kaba Diawara 12
9%
1992/93 Scotland Scott Marshall 2
9%
1995/96 Scotland Scott Marshall 11
9%
1996/97 Scotland Scott Marshall 8
9%
1997/98 Scotland Scott Marshall 3
9%
2002/03 Greece Stathis Tavlaridis 1
8%
1999/00 Germany Stefan Malz 5
8%
2000/01 Germany Stefan Malz 1
8%
1999/00 England Tommy Black 1
8%
1994/95 England Adrian Clarke 1
7%
1995/96 England Adrian Clarke 6
7%
1997/98 Germany Alberto Mendez 3
7%
1998/99 Germany Alberto Mendez 1
7%
1992/93 England Ian Selley 9
7%
1993/94 England Ian Selley 18
7%
1994/95 England Ian Selley 13
7%
1996/97 England Ian Selley 1
7%
1996/97 England Lee Harper 1
7%
2008/09 Portugal Amaury Bischoff 1
6%
2009/10 England Henri Lansbury 1
6%
2011/12 England Henri Lansbury 2
6%
1995/96 England Matthew Rose 4
6%
1996/97 England Matthew Rose 1
6%
1997/98 England Paolo Vernazza 1
6%
1999/00 England Paolo Vernazza 2
6%
2000/01 England Paolo Vernazza 2
6%
1998/99 France David Grondin 1
5%
1998/99 Argentina Fabian Caballero 1
5%
1992/93 Norway Pal Lydersen 8
5%
2000/01 Lithuania Tomas Danilevicius 2
5%
1994/95 England Vince Bartram 11
5%
1999/00 Ireland Graham Barrett 2
4%
2007/08 England Mark Randall 1
4%
2008/09 England Mark Randall 1
4%
2002/03 England Ryan Garry 1
4%
1999/00 Ireland Brian McGovern 1
3%
1992/93 England Colin Pates 7
3%
2009/10 England Craig Eastmond 4
3%
1992/93 England Gavin McGowan 2
3%
1994/95 England Gavin McGowan 1
3%
1995/96 England Gavin McGowan 1
3%
1996/97 England Gavin McGowan 1
3%
1997/98 England Gavin McGowan 1
3%
1992/93 England Mark Flatts 10
3%
1993/94 England Mark Flatts 3
3%
1994/95 England Mark Flatts 3
3%
1999/00 Wales Rhys Weston 1
3%
1997/98 England Isaiah Rankin 1
2%
1992/93 England Neil Heaney 5
2%
1993/94 England Neil Heaney 1
2%
No matching quizzes found
Score Distribution
Percent of People with Each Score
Percentile by Number Answered
Your Score History
You have not taken this quiz since the last reset